• 首页
  • 本馆介绍
  • 公告通知
  • 最新文献
  • 馆藏检索
  • 电子资源
  • 读者导购
  • 参考咨询
  • 我的图书馆
  • 登录
  • 详细信息显示
  • 放入我的书架
  • 预约/预借图书
  • 作者相关作品
  • 分类相关作品
  • 丛书相关作品
  • 出版社相关作品

书目信息

  • 表格格式
  • 工作单格式
  • 卡片格式
题名:
孤独症儿童情绪调整与人际交往训练指南
    
 
作者: 王梅
分册:  
出版信息: 北京   中国妇女出版社  2009
页数: 255页
开本: 23cm
丛书名:
单 册:
中图分类: G760
科图分类:
主题词: 缄默症--jian mo zheng--儿童教育--特殊教育
电子资源:
ISBN: 978-7-80203-588-1
000 00738nam0 2200241 450
001 012001003559
005 20131026130120.0
010    @a978-7-80203-588-1@dCNY30.00
099    @aCAL 012009125787
100    @a20090923d2009 em y0chiy50 ea
101 0  @achi
102    @aCN
105    @ay a 000yy
106    @ar
200 1  @a孤独症儿童情绪调整与人际交往训练指南@Agu du zheng er tong qing xu diao zheng yu ren ji jiao wang xun lian zhi nan@f王梅主编
210    @a北京@c中国妇女出版社@d2009
215    @a255页@c图@d23cm
320    @a有书目 (第255页)
606 0  @a缄默症@Ajian mo zheng@x儿童教育@x特殊教育
690    @aG760@v4
701  0 @a王梅@Awang mei
801  2 @aCN@b江苏凤凰@c20191020
905    @b1227073-6@dG760@e140@f4
    
    孤独症儿童情绪调整与人际交往训练指南/王梅主编.-北京:中国妇女出版社,2009
    255页:图;23cm
    
    
    ISBN 978-7-80203-588-1:CNY30.00
    
●
相关链接 在E读中查询图书 在五车中查询图书 在当当中查询图书 在豆瓣中查询图书


正题名:孤独症儿童情绪调整与人际交往训练指南     索取号:G760/140         预约/预借

序号 登录号 条形码 馆藏地/架位号 状态 备注
1 1227073   212270736   第一样本阅览室/ [索取号:G760/140] 在馆    
2 1227074   212270745   教育系资料室/ [索取号:G760/140] 在馆    
3 1227075   212270754   教育系资料室/ [索取号:G760/140] 在馆    
4 1227076   212270763   第四借阅区/ [索取号:G760/140] 在馆    
唐山师范学院图书馆 欢迎您!
大连网信软件有限公司© 版权所有